000 02357nam0a2200385 4500
001 RU\NLR\bibl\1740370
005 20260405183913.0
010 _a978-5-17-070595-5
_bАСТ
010 _a978-5-271-32599-1
_bАстрель
010 _a978-5-226-03271-4
_bВКТ
_912500
021 _aRU
_b2011-6138
_9423
035 _a(nilc)IZD\AST\2007\1067336
035 _a(NLR Aleph) 001731287
090 _a1401199
_c1401199
100 _a20110204d2011 |||y0rusy50 ca
101 1 _arus
_ceng
102 _aRU
105 _ay z |||||
200 1 _aГордость и страсть
_e[роман]
_fАманда Скотт
_g[пер. с англ. М.А. Комцян]
210 _aМосква
_cАСТ
_cАстрель
_aВладимир
_cВКТ
_d2011
215 _a318, [1] с.
_d17
225 1 _aмини-Шарм
330 _aАмалия Мюррей - красавица из знатного шотландского рода. О такой супруге мечтает каждый молодой лэрд, но она упрямо отвергает всех своих поклонников. Впрочем, сэр Гарт Нейпир, с первого же взгляда влюбившийся в Амалию, уверен: нет такой гордячки, чье сопротивление не смог бы рано или поздно сломить настоящий мужчина. Тем более теперь, когда от его защиты зависит жизнь прекрасной шотландки, случайно оказавшейся в центре заговора аристократов против короля. Опасность толкает Амалию в объятия Гарта, и жгучая страсть охватывает обоих|
686 _a0661
_aЗарубежная сентиментальная литература
_2TCC-BG
686 _a84(7Сое)-4-15
_vLBC/RL
_2rubbk
686 _aШ6(7США)67-440.4{Лх1979-50}
700 1 _4070
_8rus
_7ca
_aСкотт
_bМ.
_gМанда
_3RU\NLR\auth\7780451
_963379
801 0 _aRU
_bЛИБНЕТ
_c20110204
_gRCR
801 1 _aRU
_bЛИБНЕТ
_c20110204
801 2 _aRU
_bНБР Коми
_c20110224
801 2 _aRU
_bNLR
_c20110225
_grcr
830 _aCODE_OF_LIBNET\000057932
942 _cBOOK
980 _aNB